Alexander : (Record no. 16755)
[ view plain ]
| 000 -LEADER | |
|---|---|
| fixed length control field | 01837ngm a2200385 4500 |
| 003 - CONTROL NUMBER IDENTIFIER | |
| control field | dpl |
| 005 - DATE AND TIME OF LATEST TRANSACTION | |
| control field | 20080723110517.0 |
| 007 - PHYSICAL DESCRIPTION FIXED FIELD--GENERAL INFORMATION | |
| fixed length control field | DVD |
| 008 - FIXED-LENGTH DATA ELEMENTS--GENERAL INFORMATION | |
| fixed length control field | ||||||sp199 xxu|||||c|||| 00| 0 eng d |
| 010 ## - LIBRARY OF CONGRESS CONTROL NUMBER | |
| LC control number | DVD-000947 DVD-001566-1567 |
| 024 ## - OTHER STANDARD IDENTIFIER | |
| Standard number or code | EDVD-A7903 |
| Terms of availability | 499.00 |
| 035 ## - SYSTEM CONTROL NUMBER | |
| System control number | DVD-000947 DVD-001566-1567 |
| 040 ## - CATALOGING SOURCE | |
| Original cataloging agency | DPL |
| Transcribing agency | DPL |
| 082 ## - DEWEY DECIMAL CLASSIFICATION NUMBER | |
| Classification number | DVD / ALEX |
| 245 ## - TITLE STATEMENT | |
| Title | Alexander : |
| Statement of responsibility, etc | Intermedia Films Presents |
| Medium | [videorecording] DVD/ |
| Remainder of title | Fortune Favors The Bold |
| 260 ## - PUBLICATION, DISTRIBUTION, ETC. (IMPRINT) | |
| Name of publisher, distributor, etc | Inter Media Films |
| 300 ## - PHYSICAL DESCRIPTION | |
| Extent | 1 videodisc DVD; |
| Other physical details | sd., col. ; |
| Dimensions | 4 3/4 in. |
| Type of unit | DVD |
| 440 ## - SERIES STATEMENT/ADDED ENTRY--TITLE | |
| Title | Eagle Home Entertainment |
| 500 ## - GENERAL NOTE | |
| General note | This DVD is Copy Protected |
| 500 ## - GENERAL NOTE | |
| General note | The Greatest Legend of All Was Real |
| 538 ## - SYSTEM DETAILS NOTE | |
| Display text | Language: Dolby Digital 5.1-English, Russian Subtitles: English, Russian |
| 538 ## - SYSTEM DETAILS NOTE | |
| System details note | Aspect Ratio: 1.85:1, Presentation type: Full Frame Presentation Size 4x3, Format DVD 9 Dual Layer Single Sided Disc. |
| 650 ## - SUBJECT ADDED ENTRY--TOPICAL TERM | |
| Topical term or geographic name as entry element | Motion Picture |
| 700 ## - ADDED ENTRY--PERSONAL NAME | |
| Personal name | Stone, Oliver |
| 700 ## - ADDED ENTRY--PERSONAL NAME | |
| Personal name | Farrel, Colin |
| 700 ## - ADDED ENTRY--PERSONAL NAME | |
| Personal name | Jolie, Angelina |
| 700 ## - ADDED ENTRY--PERSONAL NAME | |
| Personal name | Kilmer, Val |
| 700 ## - ADDED ENTRY--PERSONAL NAME | |
| Personal name | Hopkins, Anthony |
| 700 ## - ADDED ENTRY--PERSONAL NAME | |
| Personal name | Beavan, Jenny |
| 942 ## - ADDED ENTRY ELEMENTS (KOHA) | |
| Koha item type | CD-ROMs, DVDs, VHS |
| Source of classification or shelving scheme | Dewey Decimal Classification |
| Classification part | DVD |
| Call number suffix | ALEX |
| Withdrawn status | Lost status | Source of classification or shelving scheme | Damaged status | Not for loan | Home library | Current library | Date acquired | Source of acquisition | Cost, normal purchase price | Total Checkouts | Full call number | Barcode | Date last seen | Date checked out | Copy number | Cost, replacement price | Price effective from | Koha item type | Public note |
|---|---|---|---|---|---|---|---|---|---|---|---|---|---|---|---|---|---|---|---|
| Dewey Decimal Classification | Central Library | Central Library | 15/10/2008 | Purchase | 499.00 | 25 | DVD ALEX | DVD-000947 | 25/05/2010 | 22/01/2010 | 1 | 499.00 | 15/10/2008 | CD-ROMs, DVDs, VHS | Cost Recd. Rs. 499.00 date 10.02.10 vide Recipt. N0. 22/063 | ||||
| Dewey Decimal Classification | Patel Nagar | Patel Nagar | 16/01/2009 | Purchase | 499.00 | 20 | DVD ALEX | DVD-001567 | 27/02/2015 | 13/02/2015 | 1 | 499.00 | 16/01/2009 | CD-ROMs, DVDs, VHS | |||||
| Dewey Decimal Classification | Sarojini Nagar | Sarojini Nagar | 16/01/2009 | Purchase | 499.00 | 18 | DVD ALEX | DVD-001566 | 24/06/2011 | 14/06/2011 | 1 | 499.00 | 16/01/2009 | CD-ROMs, DVDs, VHS |
